000 01240nam a2200253Ia 4500
999 _c37528
_d37528
001 3492
003 GE_BSU
005 20190528192323.0
008 181216s1954|||| |||||||||||||| ||geo||
040 _cGE_BSU
041 _ageo
080 _a544 რ-19
100 _aრაკოვსკი, ა.
_91772
245 _aფიზიკური ქიმიის შესავალი. წიგნი II : /
_cა.რაკოვსკი ; რედ : ბ.კოკოჩაშვილი ; შ.შარაშენიძე ; მთარგმ. ე. წულაძე ; ქ. ედიგაროვა.
264 _aთბილისი :
_bსტალინის სახ.უნ-ტის გამ-ბა,
_c1954.
300 _a386 გვ .:
_bცხრ ;
_c26 სმ.
653 _aფიზიკური ქიმია
653 _aქიმია
700 _aკოკოჩაშვილი, ბ
_eრედაქტორი
_91773
700 _aშარაშენიძე, შ
_dრედაქტორი
_91774
700 _aწულაძე, ე
_eმთარგმნელი
_91775
700 _aედიგაროვა, ქ
_eმთარგმნელი
_91776
942 _cBK
_2udc